[Event "FRA-chT U20 1112"]
[Site "France"]
[Date "2011.12.04"]
[Round "2"]
[White "Sahki, Saphir"]
[Black "Feugier, Thomas"]
[Result "1-0"]
[WhiteElo "1583"]
[BlackElo "1572"]
[PlyCount "209"]
[EventDate "2011.12.03"]
[EventType "team-swiss"]
[EventRounds "7"]
[EventCountry "FRA"]
[SourceTitle "EXT 2013"]
[Source "ChessBase"]
[SourceDate "2012.11.22"]
[SourceVersion "1"]
[SourceVersionDate "2012.11.22"]
[SourceQuality "1"]

1. e4 c5 2. Nf3 g6 3. Nc3 Nc6 4. Bc4 Bg7 5. d3 e6 6. Bg5 Nge7 7. 0-0 h6 8. Be3 b6 9. d4 cxd4 10. Bxd4 Nxd4 11. Nxd4 0-0 12. Qd2 Bb7 13. Rfd1 d5 14. exd5 Nxd5 15. Bxd5 Bxd5 16. Nce2 Rc8 17. c3 Qd7 18. Nc2 Qb7 19. Ne3 Rfd8 20. Qc2 Be4 21. Qc1 Bf6 22. Rxd8+ Rxd8 23. Ng3 Bd5 24. Nxd5 Qxd5 25. Qc2 Be7 26. Nf1 Bc5 27. b4 Be7 28. Ne3 Qc6 29. a4 Rc8 30. Rc1 a5 31. b5 Qc7 32. c4 Bg5 33. Qe4 Qd6 34. Rd1 Qc5 35. f4 Bf6 36. Kh1 Qb4 37. Rb1 Qc5 38. g4 Bd4 39. Nc2 Bg7 40. Ne3 Rd8 41. f5 Rd4 42. Qc2 exf5 43. gxf5 gxf5 44. Rg1 Rf4 45. Qg2 Qd4 46. Qh3 Qe4+ 47. Qg2 Qxg2+ 48. Rxg2 Kf8 49. Rd2 Bd4 50. Nxf5 Rxf5 51. Rxd4 Rc5 52. Kg2 Ke7 53. Kf3 Ke6 54. Re4+ Re5 55. Rh4 h5 56. Rd4 Rc5 57. Ke4 Re5+ 58. Kf4 f6 59. Rd8 Rc5 60. Rd4 Rf5+ 61. Ke4 Rg5 62. h3 h4 63. Rd8 Rc5 64. Rd4 Re5+ 65. Kd3 Ke7 66. Rxh4 Rg5 67. Kd4 Kd6 68. Rh7 Rf5 69. Rh4 Rg5 70. Rf4 f5 71. h4 Rh5 72. Kc3 Kc7 73. Rd4 Rh6 74. Kd3 Rf6 75. Ke3 Rh6 76. Kf3 Rh5 77. Kg3 Rh6 78. Rd5 f4+ 79. Kg4 f3 80. Kg5 Rd6 81. Rf5 Rd4 82. h5 Rxc4 83. h6 Rc5 84. Rxc5+ bxc5 85. h7 f2 86. h8Q f1Q 87. Qg7+ Kd6 88. Qg6+ Kc7 89. Qc6+ Kd8 90. Qxc5 Qg2+ 91. Kf6 Qf1+ 92. Ke6 Qh3+ 93. Kd5 Qg2+ 94. Kd6 Qg6+ 95. Kd5 Qf5+ 96. Kc6 Qc8+ 97. Kb6 Qe6+ 98. Kxa5 Qd7 99. b6 Qd2+ 100. Ka6 Qd3+ 101. Qb5 Qd6 102. Ka7 Qd4 103. Qc6 Qg7+ 104. b7 Qd4+ 105. Qb6+ 1-0

[Event "FRA-chT U20 1112"]
[Site "France"]
[Date "2011.12.03"]
[Round "1"]
[White "Burri, Quentin"]
[Black "Feugier, Thomas"]
[Result "1-0"]
[WhiteElo "1716"]
[BlackElo "1572"]
[PlyCount "85"]
[EventDate "2011.12.03"]
[EventType "team-swiss"]
[EventRounds "7"]
[EventCountry "FRA"]
[SourceTitle "EXT 2013"]
[Source "ChessBase"]
[SourceDate "2012.11.22"]
[SourceVersion "1"]
[SourceVersionDate "2012.11.22"]
[SourceQuality "1"]

1. e4 c5 2. Nc3 g6 3. Nf3 Nc6 4. g3 Bg7 5. Bg2 d6 6. d3 Rb8 7. 0-0 b5 8. Ne1 b4 9. Ne2 e6 10. f4 Nge7 11. Rb1 0-0 12. h3 a5 13. g4 f5 14. Ng3 Nd4 15. Bd2 Nb5 16. Nf3 Nc6 17. exf5 gxf5 18. gxf5 exf5 19. Ng5 h6 20. Bxc6 hxg5 21. Bd5+ Rf7 22. Qh5 Qc7 23. fxg5 Bd4+ 24. Kh2 Bb7 25. Qg6+ Bg7 26. Bxf7+ Qxf7 27. Qxf7+ Kxf7 28. Nxf5 Be5+ 29. Kg1 Kg6 30. Ne7+ Kg7 31. g6 Bf6 32. Bh6+ Kxh6 33. Rxf6 Kg7 34. Rf7+ Kh6 35. Rh7+ Kg5 36. g7 Bf3 37. g8Q+ Rxg8 38. Nxg8 Kg6 39. Rd7 Bd5 40. Ne7+ Kf6 41. Nxd5+ Ke6 42. Nb6 Nd4 43. Re1+ 1-0